[Event "Stuttgart-chA int"]
[Site "Ditzingen"]
[Date "2018.05.12"]
[Round "5"]
[White "Steinhart, Christoph"]
[Black "Recker, Martin"]
[Result "1/2-1/2"]
[WhiteElo "1985"]
[BlackElo "1879"]
[PlyCount "63"]
[EventDate "2018.05.10"]
[EventType "swiss"]
[EventRounds "7"]
[EventCountry "GER"]
[SourceTitle "EXT 2020"]
[Source "ChessBase"]
[SourceDate "2019.10.17"]
[SourceVersion "1"]
[SourceVersionDate "2019.10.17"]
[SourceQuality "1"]

1. e4 d5 2. exd5 Nf6 3. Bb5+ Bd7 4. Bc4 Bf5 5. Nc3 Nbd7 6. Bb3 Nb6 7. Qf3 Qd7 8. Nge2 0-0-0 9. d4 Nbxd5 10. Nxd5 Nxd5 11. Ng3 Bg6 12. 0-0 e6 13. c4 Nf6 14. Rd1 h5 15. h4 Ng4 16. d5 Bc5 17. Be3 Nxe3 18. fxe3 exd5 19. Rxd5 Qc6 20. Ne4 Be7 21. Rad1 Bxh4 22. Nc5 Rxd5 23. Rxd5 Be7 24. Ba4 Qxc5 25. Rxc5 Bxc5 26. a3 a5 27. Kf2 Rd8 28. Ke1 Rd3 29. Qh3+ Kb8 30. Qh4 Rxe3+ 31. Kd2 Rd3+ 32. Ke2 1/2-1/2

[Event "Stuttgart-chA int"]
[Site "Ditzingen"]
[Date "2018.05.11"]
[Round "3"]
[White "Recker, Martin"]
[Black "Koch, Martin"]
[Result "1-0"]
[WhiteElo "1879"]
[BlackElo "2056"]
[PlyCount "50"]
[EventDate "2018.05.10"]
[EventType "swiss"]
[EventRounds "7"]
[EventCountry "GER"]
[SourceTitle "EXT 2020"]
[Source "ChessBase"]
[SourceDate "2019.10.17"]
[SourceVersion "1"]
[SourceVersionDate "2019.10.17"]
[SourceQuality "1"]

1. Nf3 d5 2. d4 Nf6 3. c4 c6 4. g3 Bf5 5. cxd5 cxd5 6. Bg2 e6 7. 0-0 Nc6 8. a3 Bd6 9. Nc3 h6 10. Qb3 0-0 11. Bf4 a6 12. Bxd6 Qxd6 13. Rfc1 b5 14. Qd1 Na5 15. Ne5 Nc4 16. Nxc4 bxc4 17. b4 cxb3 18. Qxb3 Rab8 19. Qa2 Rb7 20. Nd1 Rfb8 21. e3 Rb3 22. Rc8+ Kh7 23. Rxb8 Qxb8 24. Bf1 Ne4 25. Bxa6 Rb2 1-0

[Event "Stuttgart-chA int"]
[Site "Ditzingen"]
[Date "2018.05.10"]
[Round "1"]
[White "Recker, Martin"]
[Black "Schwab, Matthias"]
[Result "0-1"]
[WhiteElo "1879"]
[BlackElo "2117"]
[PlyCount "96"]
[EventDate "2018.05.10"]
[EventType "swiss"]
[EventRounds "7"]
[EventCountry "GER"]
[SourceTitle "EXT 2020"]
[Source "ChessBase"]
[SourceDate "2019.10.17"]
[SourceVersion "1"]
[SourceVersionDate "2019.10.17"]
[SourceQuality "1"]

1. Nf3 d5 2. d4 Nf6 3. c4 e6 4. g3 Bb4+ 5. Bd2 Bd6 6. Bg2 0-0 7. 0-0 c6 8. Bg5 Nbd7 9. Nbd2 h6 10. Bf4 Bxf4 11. gxf4 c5 12. e3 b6 13. cxd5 exd5 14. Ne5 Bb7 15. Ndf3 Rc8 16. a4 a6 17. h3 c4 18. Qe1 Qe7 19. Kh2 Ne4 20. Nxd7 Qxd7 21. Ne5 Qc7 22. Bxe4 dxe4 23. Qc3 Bd5 24. Rg1 Qe7 25. Rg3 Kh7 26. Rag1 Rg8 27. Qc2 b5 28. axb5 axb5 29. Qe2 f6 30. Ng6 Qd7 31. Nh4 g5 32. Ng2 Qf5 33. Qh5 Be6 34. h4 g4 35. Qxf5+ Bxf5 36. Rc1 Ra8 37. Ne1 Ra2 38. Rc2 Rc8 39. Rg1 b4 40. Ng2 b3 41. Rc3 Rxb2 42. Kg3 Ra2 43. Rb1 h5 44. Ne1 Kg6 45. Kg2 Be6 46. Kf1 Rca8 47. Ng2 Ra1 48. f5+ Kxf5 0-1

[Event "Stuttgart-chA int"]
[Site "Ditzingen"]
[Date "2014.05.30"]
[Round "3"]
[White "Bueter, Norbert"]
[Black "Recker, Martin"]
[Result "1/2-1/2"]
[WhiteElo "2049"]
[BlackElo "1858"]
[PlyCount "111"]
[EventDate "2014.05.29"]
[EventType "swiss"]
[EventRounds "7"]
[EventCountry "GER"]
[SourceTitle "EXT 2015"]
[Source "ChessBase"]
[SourceDate "2014.11.20"]
[SourceVersion "1"]
[SourceVersionDate "2014.11.20"]
[SourceQuality "1"]

1. d4 Nf6 2. c4 g6 3. Nc3 Bg7 4. e4 d6 5. f3 0-0 6. Be3 Nbd7 7. Bd3 c5 8. Nge2 cxd4 9. Nxd4 Nc5 10. Be2 Ne6 11. Nc2 Bd7 12. Qd2 a6 13. 0-0 Rc8 14. Rac1 Nc5 15. Rfd1 Na4 16. Nxa4 Bxa4 17. Qb4 Bxc2 18. Rxc2 Qc7 19. Rdc1 Nd7 20. Qd2 Rfd8 21. b3 Nc5 22. b4 Nd7 23. f4 a5 24. a3 axb4 25. axb4 Ra8 26. Ra2 Nb6 27. Rxa8 Rxa8 28. c5 dxc5 29. bxc5 Nd7 30. e5 Rc8 31. Qb4 e6 32. Bf3 Bf8 33. Qxb7 Bxc5 34. Qxc7 Rxc7 35. Kf1 Bb6 36. Rxc7 Bxc7 37. Bc6 Bb6 38. Ke2 Bxe3 39. Kxe3 Nb6 40. g4 Nc8 41. Kd4 Ne7 42. Kc5 Kf8 43. Bd7 h6 44. Kd6 Ng8 45. Bxe6 fxe6 46. Kxe6 Ke8 47. f5 gxf5 48. gxf5 h5 49. Kd5 Kf7 50. Ke4 Ne7 51. Kf4 Nc6 52. h4 Ke7 53. Kg5 Nxe5 54. Kxh5 Kf6 55. Kh6 Nd7 56. Kh7 1/2-1/2

[Event "Stuttgart-chA int"]
[Site "Ditzingen"]
[Date "2014.05.30"]
[Round "5"]
[White "Unger, Franz"]
[Black "Recker, Martin"]
[Result "1/2-1/2"]
[WhiteElo "1969"]
[BlackElo "1858"]
[PlyCount "39"]
[EventDate "2014.05.29"]
[EventType "swiss"]
[EventRounds "7"]
[EventCountry "GER"]
[SourceTitle "EXT 2015"]
[Source "ChessBase"]
[SourceDate "2014.11.20"]
[SourceVersion "1"]
[SourceVersionDate "2014.11.20"]
[SourceQuality "1"]

1. e4 d5 2. exd5 Nf6 3. d4 Nxd5 4. c4 Nb6 5. Nf3 Bg4 6. h3 Bh5 7. g4 Bg6 8. Ne5 e6 9. Bg2 c6 10. 0-0 N8d7 11. b3 Nxe5 12. dxe5 Qc7 13. Bf4 Nd7 14. Re1 0-0-0 15. Qc1 Nc5 16. Bg5 Rd7 17. Bf1 Ne4 18. Nc3 Qxe5 19. Rxe4 Bxe4 20. Bf4 1/2-1/2